A geometric introduction to topology /
Guardado en:
| Autor Principal: | |
|---|---|
| Formato: | Libro |
| Idioma: | English |
| Publicado: |
Reading, Mass. :
Addison-Wesley,
c1972.
|
| Series: | Addison-Wesley series in mathematics
|
| Materias: | |
| Etiquetas: |
Agregar Etiqueta
Sin Etiquetas, Sea el primero en etiquetar este registro!
|
| LEADER | 00706cam a2200217 a 4500 | ||
|---|---|---|---|
| 001 | MAT.inmabb004625 | ||
| 008 | 720707s1972####maua#####b####001#0#eng## | ||
| 005 | 20130405173600.0 | ||
| 245 | 1 | 2 | |a A geometric introduction to topology / |c C. T. C. Wall. |
| 260 | |a Reading, Mass. : |b Addison-Wesley, |c c1972. | ||
| 300 | |a vi, 168 p. : |b il. ; |c 25 cm. | ||
| 440 | 0 | |a Addison-Wesley series in mathematics | |
| 504 | |a Incluye referencias bibliográficas. | ||
| 510 | 4 | |a MR, |c 57 #17617 | |
| 020 | |a 0201084325 | ||
| 100 | 1 | |a Wall, C. T. C. |q (Charles Terence Clegg) | |
| 650 | 0 | |a Algebraic topology. | |
| 084 | |a 55-01 |2 msc2000 | ||
| 010 | |a 70168765 | ||
| 040 | |a DLC |c DLC |d DLC | ||
| 859 | |h 55 |i W187 |p A-4515 |b BIB. MATEMATICA | ||
